000 00293nam a2200109Ia 4500
008 201223s9999 xx 000 0 und d
100 _ade Souza, Teotonio
245 0 _aIndo-Portguese history : old issuse, new questions
260 _aCalcutta
_bConcept Publishing
300 _a240
942 _cBK
999 _c8297
_d8297